000 003160000a22001330004500
003 MACL
040 _aMACL
090 _c1951
_d1951
100 _aKochukoshy, K.K.
245 _aThe Indian National Bibliography
_bAnnual Vol.2003
260 _bCentral Reference Library
_c2005
650 _aBiography
942 _cBOOK
_k10
999 _c1938
_d1938